[Event "IND-chB 51st"]
[Site "Bhopal"]
[Date "2013.10.12"]
[Round "1"]
[White "Naveen, Bansal"]
[Black "Narayanan, Srinath"]
[Result "0-1"]
[WhiteElo "1951"]
[BlackElo "2475"]
[PlyCount "74"]
[EventDate "2013.10.12"]
[EventType "swiss"]
[EventRounds "13"]
[EventCountry "IND"]
[SourceTitle "EXT 2014"]
[Source "ChessBase"]
[SourceDate "2013.11.20"]
[SourceVersion "1"]
[SourceVersionDate "2013.11.20"]
[SourceQuality "1"]

1. d4 Nf6 2. c4 c5 3. d5 e6 4. Nc3 exd5 5. cxd5 d6 6. e4 g6 7. f3 Bg7 8. Bg5 h6 9. Be3 0-0 10. Qd2 h5 11. Nge2 Nbd7 12. Bg5 Re8 13. Nc1 a6 14. a4 Qa5 15. Be2 Rb8 16. Ra3 Ne5 17. 0-0 Qc7 18. h3 c4 19. Be3 b5 20. axb5 axb5 21. Ra7 Qd8 22. b4 Re7 23. f4 Ned7 24. Bf3 Nb6 25. Rxe7 Qxe7 26. N1e2 Bd7 27. Nd4 Na4 28. e5 dxe5 29. fxe5 Qxe5 30. Bf4 Ne4 31. Nxe4 Qxd4+ 32. Qxd4 Bxd4+ 33. Kh2 Rc8 34. Rd1 Bg7 35. Bd6 c3 36. Bc5 f5 37. Nd6 Rxc5 0-1